| 000 | 00799nam a22002777a 4500 | ||
|---|---|---|---|
| 001 | BR2015000649 | ||
| 003 | BR-BrBNA | ||
| 005 | 20230928104602.0 | ||
| 007 | ta | ||
| 008 | 230509b bl.||||| |||| 00| 0 por d | ||
| 040 |
_aBR-BrBNA _bpor _cBiblioteca Nacional de Agricultura |
||
| 041 | _a(Por) | ||
| 072 |
_aE21 _b2760 |
||
| 090 | _ 2760 BR2015000649 | ||
| 100 | 1 | _aSantana, A.M. | |
| 245 | 1 |
_aO valor do tabaco para Cruz das Almas e Região _bEdição Especial Comemorativa do Cinquentenário de Formatura do Autor |
|
| 260 | 3 |
_aCruz das Almas, BA (Brasil): _c2013. |
|
| 300 | _a72 p. | ||
| 500 | _a12 ref.; Summary (Por); 12 illus | ||
| 650 | _aFUMO | ||
| 650 | _aINDÚSTRIA | ||
| 650 | _aBAHIA | ||
| 650 | _aCRUZ DAS ALMAS | ||
| 909 |
_a202309 _bLucia _c55 _dLucia Elande |
||
| 942 | _cBK | ||
| 999 |
_c80698 _d80698 |
||